000 00593nas a2200205 4500
001 BR5300262
003 BR-BrBNA
005 20231205081938.0
007 ta
008 230509b bl.|||p| |||| 00| 00por d
040 _aBR-BrBNA
_bpor
_cBiblioteca Nacional de Agricultura
041 _a(Pt)
072 _aL72
100 1 _aCorrea, O.
245 1 _aFenotiazina [anti-helmintico]
650 _aANTI-HELMINTICO
773 0 _tBoletim da Diretoria da Producao Animal (Brazil)
_x
_g(May-Sep 1953), v. 9(17) p. 62-72
_wBR5300262
909 _a202311
_bLúcia
_c55
_dLúcia Elande
942 _2AGRIS
_n0
_cANA
999 _c88030
_d88030